000 00366nam a22001577a 4500
003 MPLRDC
005 20220104143501.0
008 210129b ||||| |||| 00| 0 eng d
082 _a855 LM-2
100 _a李默著
245 _a皮箱雨伞
_c
260 _a
_b星际出版社
_c
300 _b
650 _a散文;随笔、日记
942 _cBK
_o855 LM-2
999 _c40351
_d40341